Culture Générale - Série 2482 - Statistiques

Statistiques générales
  • Ce quiz a été pris 109 fois
  • Le résultat moyen est 3 sur 10
Statistiques - réponses
Question Réponse % Correct
A qui doit-on cette célèbre citation " Je pense,donc je suis" ? René Descartes
82%
Le film "La Fureur de vivre" a fait de lui, pour toute une génération, le symbole d'une jeunesse en désarroi - voir photo James Dean
69%
Dans quel pays se trouve la ville de Landau, à l'origine de la poussette d'enfant du même nom ? Allemagne
64%
Qui a écrit "Le neveu de Rameau"entre 1762 et 1773 ? Denis Diderot
30%
Quel fleuve traverse la ville de Quimper ? Odet
16%
Qui a écrit "Le roman de la momie" en1857 ? Théophile Gautier
16%
Quel est l'autre nom du chêne vert ? - 5 lettres commençant par " y " yeuse
11%
Qui a écrit "Le château des Carpathes" en1892 ? Jules Verne
7%
Officier de la cour du sultan, dans l'ancienne Turquie - En Algérie, chef au-dessus du caïd aga
5%
Terme utilisé en espagnol ainsi qu'en portugais brésilien pour désigner une vaste exploitation agricole d'Amérique du Sud, assez similaire à la notion de ranch en Amérique du Nord estancia
2%
Aucun quiz correspondant
Distribution des résultats
% des personnes avec chaque résultat
Percentile par nombre de réponses
Votre historique - résultats
Vous n’avez pas pris ce quiz